| 000 | 00384nam a2200145Ia 4500 | ||
|---|---|---|---|
| 008 | 230917s9999||||xx |||||||||||||| ||und|| | ||
| 040 |
_e159036 _aMAIN |
||
| 041 | _aEnglish | ||
| 082 | _a301.412 S51S | ||
| 100 | _aSeema Rani | ||
| 245 | 0 | _aShikshit mahilaon mein rajnitik jagrookta aur abhimat: Mansa shahar ka ek case adhayayn | |
| 260 | _c1989 | ||
| 300 | _a128 p. | ||
| 942 | _cTH | ||
| 999 |
_c72164 _d72164 |
||